00691nam a2200217Ia 4500003000900000008004100009020003000050020003100080040001600111100002100127245003500148260005700183300002000240650002100260650001600281650005400297650001800351650001200369700001900381856007300400IN-BaIIA211028s9999 xx s 000 0 eng d a978-3-642-32459-8 (Print) a978-3-642-32460-4 (Online) cIIA Library aTreiber, Martin  0aTraffic Flow Dynamicsh[eBook] aHeidelberg, BerlinbSpringer Berlin Heidelbergc2013 aOnline resource a Complex Systems a Complexity a Mathematical Modeling and Industrial Mathematics a Optimization aPhysics aKesting, Arne  uhttp://doi.org/10.1007/978-3-642-32460-4yClick Here to Access eBook